|
|
|
|
| LEADER |
01243nam a2200301 a 4500 |
| 001 |
000433313 |
| 003 |
CZ BrMZK |
| 005 |
20140311135849.0 |
| 007 |
ta |
| 008 |
010907s1968 xr af f cze d |
| 015 |
|
|
|a cnb000448605
|
| 035 |
|
|
|a (OCoLC)42114395
|
| 040 |
|
|
|a BOA001
|b cze
|c BOA002
|
| 080 |
9 |
|
|a 94(075.2)
|
| 100 |
1 |
|
|a Sosík, Alois
|7 jk01120438
|4 aut
|
| 245 |
1 |
0 |
|a Dějepis pro 7. ročník základní devítileté školy /
|c Alois Sosík, Vojtěch Vrabec ; ilustroval Radomír Kolář
|
| 250 |
|
|
|a 6. vyd.
|
| 260 |
|
|
|a Praha :
|b Státní pedagogické nakladatelství,
|c 1968
|
| 300 |
|
|
|a 202 s., obr. příl. :
|b il.
|
| 490 |
1 |
|
|a Učebnice pro základní devítileté školy
|
| 700 |
1 |
|
|a Vrabec, Vojtěch
|7 jk01150879
|4 aut
|
| 830 |
|
0 |
|a Učebnice pro základní devítileté školy
|0 s
|
| 910 |
|
|
|a BOA001
|b PK-0031.532-68
|b 2-0481.447-68
|
| 964 |
|
|
|a Středověk - dějiny - učebnice - školy základní devítileté
|
| 964 |
|
|
|a Novověk - dějiny - učebnice - školy základní devítileté
|
| 990 |
|
|
|a BK
|
| 996 |
6 |
|
|b 2619063746
|c 2-0481.447-68
|l MZK
|r Sklad / do 24 hodin
|n 0
|w 000433313
|u 000020
|a 1
|e BOA001
|j MZK50
|s P
|
| 996 |
7 |
|
|b 3119829345
|c PK-0031.532-68
|l MZK
|r Sklad / do 1 hodiny
|n 0
|w 000433313
|u 000010
|a 1
|e BOA001
|j MZK50
|s A
|